|
|
|
|
| LEADER |
00000nab a2200000 a 4500 |
| 001 |
vtls000090187 |
| 003 |
SK-MaSNL |
| 005 |
20260303032232.0 |
| 008 |
111103c1981 xo 0 slo |
| 015 |
|
|
|a SNBRB19rr/mm-uuuuu
|
| 035 |
|
|
|a CL0100290
|
| 040 |
|
|
|a SNKBUCL
|b slo
|c SNKBUCL
|e AACR2
|
| 041 |
0 |
|
|a slo
|
| 044 |
|
|
|a xo
|c SK
|
| 080 |
|
|
|a 1 100.55
|2 1981
|
| 100 |
1 |
|
|a Lubelec, Emil,
|d 1926-2020
|4 aut
|9 206380
|
| 245 |
1 |
0 |
|a Človek nie je otrokom vecí
|b Niektoré otázky formovania socialistickej osobnosti
|c Emil Lubelec
|
| 650 |
0 |
7 |
|a osobnosť
|2 snkbucl
|9 4341
|
| 655 |
|
7 |
|a články z novín a časopisov
|2 snkbucl
|9 267496
|
| 773 |
0 |
|
|t Pravda
|g Roč. 62, č. 165 (15. 7. 1981), s. 4
|
| 850 |
|
|
|a Slovenská národná knižnica v Martine
|a MTA001
|
| 852 |
|
|
|a SNK
|b KIS3GCP
|
| 958 |
|
|
|a RK
|
| 992 |
|
|
|a RBX
|
| 999 |
|
|
|c 1663142
|d 1665072
|